| 000 | 00725nam a2200193 4500 | ||
|---|---|---|---|
| 001 | 143153 | ||
| 003 | ES-MaACL | ||
| 005 | 20230906200734.0 | ||
| 007 | t| | ||
| 008 | 070214s1910 fr r ||||1| fre d | ||
| 100 | 1 |
_aSemenov, Vladimir Ivanovitch. _9105379 |
|
| 245 | 1 | 0 |
_aCommandant de Balincourt _b: ; Après Tsoushima ; Le prix du sang ; Carnet de notes du capitaine de frégate Séménoff. / _cVladimir Ivanovitch Semenov ; Traduction revue des articles publiés par Séménoff. |
| 260 |
_aParis : _bA. Challamel, _c1910. |
||
| 300 |
_a308 p. ; _c19 cm. |
||
| 740 | 0 | _aAprès Tsoushima. | |
| 740 | 0 | _aLe prix du sang. | |
| 740 | 0 | _aCarnet de notes du capitaine de frégate Séménoff. | |
| 852 |
_aES-MaACL _jG-9829 |
||
| 999 |
_c143153 _d143153 |
||